000 00531nam a2200181Ia 4500
003 IN-BaIIA
008 211028s9999 xx 000 0 eng d
020 _a0-571-11659-0
040 _cIIA Library
080 _a523.9
_bMIT
100 _aMitton, Simon
_99544
245 0 _aDaytime star
_bthe story of our sun
_cSimon Mitton
260 _aLondon
_bFaber and Faber
_c1981
300 _axv, 191p.
650 _aAstronomy and astrophysics thesaurus
650 _aSun
_91200
942 _cBK
999 _c7259
_d7259